| 000 | 00607nam a2200205Ia 4500 | ||
|---|---|---|---|
| 003 | GCL | ||
| 008 | 140319s9999 xx 000 0 eng d | ||
| 040 |
_aGCL / _cGCL |
||
| 082 | 0 | 4 |
_aCC _b932 _bR T |
| 100 | 1 | _aKESSEL, KATHERINE VAN | |
| 245 | 1 | 0 |
_aTHE THAMES AND HUDSON PERPETUAL CALNDAR OF ANCIENT EGYPT / _cKESSEL, KATHERINE VAN |
| 700 | 1 | _aBERMAN, MIRIAM | |
| 700 | 1 | _aROGGES, ROBIO | |
| 700 | 1 | _aBREWER, MARY BETH | |
| 260 |
_a[S.N] : _bTHAMES AND HUDSON ، _c1994 |
||
| 650 | 0 | 4 | _aANCIENT EGYPT - HISTORY |
| 650 | 0 | 4 | _aEGYPT - CIVILIZATION |
| 650 | 0 | 4 | _aPHARONIC - CIVLIZATION |
| 942 |
_2ddc _cBK |
||
| 999 |
_c15017 _d15017 |
||